000 00325nam a2200109Ia 4500
008 171211s9999 xx 000 0 und d
245 2 _aA New Dimension in Wool Appliqué - Baltimore Album Style
245 _cDeborah Gale Tirico
260 _c2017
650 _xHobbies
856 _uhttp://down.ebook777.com/063/161745463X.pdf
999 _c350337
_d350337